[Event "Mondiale Lampo FIDE 2022"]
[Site "Alma Ata"]
[Date "30.12.2022"]
[Round "20.18"]
[White "Riazantsev, Alexander"]
[Black "Svane, Rasmus"]
[Result "1/2-1/2"]
[WhiteTitle ""]
[BlackTitle ""]
[WhiteElo "2626"]
[BlackElo "2622"]
[WhiteFideId "4125029"]
[BlackFideId "4657101"]
[EventDate "29.12.2022"]

1. d4 Nf6 2. Nf3 d5 3. Bg5 Ne4 4. Bh4 c6 5. Nbd2 Bf5 6. e3 Qb6 7. Rb1 e6 8. Bd3
Nd7 9. O-O Nxd2 10. Qxd2 Bd6 11. Bxf5 exf5 12. Qd3 g6 13. c4 dxc4 14. Qxc4 Qb5
15. Qxb5 cxb5 16. Rfc1 O-O 17. Bg3 Bxg3 18. hxg3 Rfc8 19. Kf1 f6 20. Ke2 Kf7 21.
Kd3 Nb6 22. Ng1 Nc4 23. b3 Nb6 24. Ne2 Nd5 25. a3 Ke6 26. Nf4+ Nxf4+ 27. gxf4 h5
28. Kd2 h4 29. Rxc8 Rxc8 30. Rc1 Rh8 31. Rc7 g5 32. fxg5 fxg5 33. Rxb7 g4 34.
Rc7 h3 35. gxh3 gxh3 36. Rc1 h2 37. Rh1 Kd5 38. Ke2 Rh3 39. Kf1 Rh7 40. Kg2 Rg7+
41. Kf3 Rh7 42. Kg3 Rg7+ 43. Kxh2 Ke4 44. Rg1 Rc7 45. Rg6 Kf3 46. Rg5 Kxf2 47.
Rxf5+ Kxe3 48. Rxb5 Kxd4 49. Kg2 Rf7 50. Kg3 Kc3 51. a4 1/2-1/2

[Event "Mondiale Lampo FIDE 2022"]
[Site "Alma Ata"]
[Date "30.12.2022"]
[Round "20.19"]
[White "Sargsyan, Shant"]
[Black "Maghsoodloo, Parham"]
[Result "1-0"]
[WhiteTitle ""]
[BlackTitle ""]
[WhiteElo "2645"]
[BlackElo "2719"]
[WhiteFideId "13306766"]
[BlackFideId "12539929"]
[EventDate "29.12.2022"]

1. d4 Nf6 2. c4 e6 3. Nf3 h6 4. g3 d5 5. Bg2 Bb4+ 6. Bd2 Be7 7. O-O O-O 8. Qc2
Nbd7 9. Rd1 c6 10. Bf4 Nh5 11. Bc1 a5 12. b3 Nhf6 13. Nc3 b5 14. cxb5 cxb5 15.
Nxb5 Ba6 16. a4 Rc8 17. Qd3 Ne4 18. Bd2 Bb4 19. Rdc1 Qb6 20. e3 Ndf6 21. Bxb4
axb4 22. Ne5 Rc3 23. Rxc3 Nxc3 24. Bf1 Rc8 25. f3 Ra8 26. Rc1 Ne8 27. Qd2 Bxb5
28. Bxb5 Nd6 29. Bd3 Ra7 30. Kg2 Rc7 31. h4 Nb7 32. h5 Na5 33. Qb2 f6 34. Ng6 e5
35. Bf5 Kf7 36. dxe5 Qxe3 37. e6+ Ke8 38. Rc2 d4 39. Rd2 Rc5 40. g4 Rxf5 41.
gxf5 Nxb3 42. Qxb3 Qxd2+ 43. Kh3 Qd1 44. Qxb4 Qh1+ 45. Kg4 Qg2+ 46. Kh4 Qg5+ 47.
Kh3 Qxf5+ 48. Kg2 Qg5+ 49. Kf1 Qc1+ 50. Kg2 Qg5+ 51. Kf1 Qc1+ 52. Kg2 Qc2+ 53.
Kg3 Ne2+ 54. Kh4 Kd8 55. Qd6+ Kc8 56. Ne7+ Kb7 57. Qd7+ Ka6 58. Qb5+ Ka7 59.
Nc6+ 1-0

[Event "Mondiale Lampo FIDE 2022"]
[Site "Alma Ata"]
[Date "30.12.2022"]
[Round "20.20"]
[White "Anton Guijarro, David"]
[Black "Zhigalko, Sergei"]
[Result "1-0"]
[WhiteTitle ""]
[BlackTitle ""]
[WhiteElo "2675"]
[BlackElo "2572"]
[WhiteFideId "2285525"]
[BlackFideId "13502956"]
[EventDate "29.12.2022"]

1. Nf3 d5 2. c4 d4 3. b4 Bg4 4. g3 Bxf3 5. exf3 e6 6. b5 Nd7 7. Bg2 Nc5 8. O-O
Nf6 9. f4 Be7 10. d3 O-O 11. Qe2 a6 12. Qc2 Qd7 13. a4 axb5 14. cxb5 Nd5 15. Bb2
Rfd8 16. Bxd5 Qxd5 17. Nd2 c6 18. Rfe1 cxb5 19. axb5 Rxa1 1-0

[Event "Mondiale Lampo FIDE 2022"]
[Site "Alma Ata"]
[Date "30.12.2022"]
[Round "20.21"]
[White "Makhnev, Denis"]
[Black "Mamedov, Rauf"]
[Result "0-1"]
[WhiteTitle ""]
[BlackTitle ""]
[WhiteElo "2481"]
[BlackElo "2646"]
[WhiteFideId "13707647"]
[BlackFideId "13401653"]
[EventDate "29.12.2022"]

1. d4 Nf6 2. c4 g6 3. g3 c6 4. Bg2 d5 5. Qa4 Nfd7 6. cxd5 Nb6 7. Qd1 cxd5 8. Nf3
Bg7 9. O-O Nc6 10. b3 O-O 11. Bb2 a5 12. a4 Bg4 13. Na3 Nc8 14. Ne5 Nxe5 15.
dxe5 Be6 16. Nb5 Na7 17. Nd4 Nc6 18. Nxe6 fxe6 19. f4 Qb6+ 20. Kh1 Rac8 21. Rc1
Nb4 22. Qd2 Na6 23. Bd4 Qxb3 24. Qxa5 Qb4 25. Qxb4 Nxb4 26. e4 Nc6 27. Bc5 d4
28. Rfd1 g5 29. Bh3 Ra8 30. Bxe6+ Kh8 31. Bf5 gxf4 32. gxf4 Rxa4 33. Rb1 Rc4 34.
Ba3 Rc3 35. Bc1 Rb8 36. Be6 Rc2 37. Bd5 Bh6 38. Rg1 d3 39. Rxb7 Rf8 40. Be3 Re2
41. Bc1 d2 42. Bb2 Bxf4 43. Rf1 Re1 44. e6+ Be5 0-1

[Event "Mondiale Lampo FIDE 2022"]
[Site "Alma Ata"]
[Date "30.12.2022"]
[Round "20.22"]
[White "Le, Tuan Minh"]
[Black "Petrosian, Tigran L."]
[Result "0-1"]
[WhiteTitle ""]
[BlackTitle ""]
[WhiteElo "2542"]
[BlackElo "2551"]
[WhiteFideId "12401153"]
[BlackFideId "13301616"]
[EventDate "29.12.2022"]

1. d4 d6 2. Nf3 Bg4 3. e4 e6 4. h3 Bh5 5. Bd3 Be7 6. Nbd2 Nf6 7. c3 O-O 8. O-O
Nc6 9. Re1 e5 10. d5 Nb8 11. Nf1 Nfd7 12. Ng3 Bxf3 13. Qxf3 Bg5 14. Be3 Bxe3 15.
Qxe3 g6 16. b4 Qh4 17. c4 a5 18. a3 Qf4 19. Qe2 c5 20. Qb2 axb4 21. axb4 Na6 22.
bxc5 Naxc5 23. Bf1 h5 24. Ne2 Qxe4 25. Nc3 Qf4 26. Nb5 e4 27. g3 Qe5 28. Qb1 Qf6
29. Rxa8 Rxa8 30. Bg2 Ne5 31. Bxe4 Nxe4 32. Rxe4 Nf3+ 33. Kg2 Nd2 34. Qd3 Nxe4
35. Qxe4 Ra2 36. Qe3 Rc2 37. Qb6 Rxc4 38. Nxd6 Rc2 39. h4 Rd2 40. Qc5 Qe7 41.
Qc8+ Kh7 42. Qxb7 Qxd6 43. Qxf7+ Kh6 44. Qe8 Qxd5+ 45. Kf1 Rd1+ 46. Ke2 Qd3# 0-1

[Event "Mondiale Lampo FIDE 2022"]
[Site "Alma Ata"]
[Date "30.12.2022"]
[Round "20.23"]
[White "Pantsulaia, Levan"]
[Black "Cheparinov, Ivan"]
[Result "1-0"]
[WhiteTitle ""]
[BlackTitle ""]
[WhiteElo "2597"]
[BlackElo "2688"]
[WhiteFideId "13602071"]
[BlackFideId "2905540"]
[EventDate "29.12.2022"]

1. Nf3 g6 2. g3 Bg7 3. Bg2 e5 4. O-O d5 5. c4 dxc4 6. Qa4+ Bd7 7. Qxc4 Nc6 8. d3
Nge7 9. Nbd2 O-O 10. a3 a5 11. Qc2 Nf5 12. e3 a4 13. Ne4 Na5 14. Nc5 b6 15. Nxa4
Nb3 16. Qxb3 Bxa4 17. Qc4 Qd7 18. e4 Nd6 19. Qa2 Qb5 20. Qb1 Bb3 21. Be3 Rfd8
22. Nd2 Nb7 23. Nxb3 Qxb3 24. Rc1 Nc5 25. Rc3 Qb5 26. b4 Ne6 27. Bh3 Nd4 28.
Rxc7 Ne2+ 29. Kh1 Qxd3 30. Qxd3 Rxd3 31. Bf1 Rc3 32. Rxc3 Nxc3 33. Bxb6 Nxe4 34.
Bg2 Ra6 35. Be3 Nc3 36. Bb7 Ra4 37. Bc6 Ra6 38. b5 Ra5 39. b6 1-0

[Event "Mondiale Lampo FIDE 2022"]
[Site "Alma Ata"]
[Date "30.12.2022"]
[Round "20.24"]
[White "Gelfand, Boris"]
[Black "Vakhidov, Jakhongir"]
[Result "0-1"]
[WhiteTitle ""]
[BlackTitle ""]
[WhiteElo "2667"]
[BlackElo "2607"]
[WhiteFideId "2805677"]
[BlackFideId "14201801"]
[EventDate "29.12.2022"]

1. d4 Nf6 2. Nf3 g6 3. c4 Bg7 4. g3 O-O 5. Bg2 c6 6. O-O d6 7. Nc3 Bf5 8. Ne1
Be6 9. b3 Na6 10. Nd3 Qc8 11. Bb2 Bh3 12. Rc1 Bxg2 13. Kxg2 Re8 14. e4 e5 15. d5
c5 16. Qe2 Nb4 17. Ne1 a5 18. a3 Na6 19. Nd3 Rb8 20. Rce1 Nc7 21. a4 Na6 22. Nb5
Qd7 23. Bc1 h6 24. Bd2 Nb4 25. Nxb4 axb4 26. Qd1 Re7 27. f3 Ra8 28. Re2 Nh7 29.
Qc1 h5 30. f4 exf4 31. Bxf4 Be5 32. Ref2 Rf8 33. h3 f6 34. h4 Rff7 35. Bxe5 Rxe5
36. Qh6 Rg7 37. Rxf6 Nxf6 38. Rxf6 Rxe4 39. Rxg6 Re2+ 40. Kg1 Re1+ 41. Kg2 Re2+
42. Kg1 Rxg6 43. Qxg6+ Qg7 44. Qxg7+ Kxg7 45. Nxd6 b6 46. Nc8 Re3 47. Nxb6 Rxb3
48. d6 Rd3 49. Nd5 Kf7 50. d7 Rxg3+ 51. Kf2 Rg8 52. Ke2 Ke6 53. Nb6 Ke7 54. a5
Rg2+ 55. Kd3 Ra2 56. Nd5+ Kxd7 57. Nf6+ Kc6 58. Nxh5 Ra3+ 59. Kd2 Rh3 60. Nf4
Rxh4 61. Nd3 Rh2+ 62. Kc1 Ra2 63. Kb1 Rxa5 64. Kb2 Kd6 65. Nc1 Ra3 66. Nb3 Rxb3+
67. Kxb3 Ke5 0-1

[Event "Mondiale Lampo FIDE 2022"]
[Site "Alma Ata"]
[Date "30.12.2022"]
[Round "20.25"]
[White "Indjic, Aleksandar"]
[Black "Nguyen, Thai Dai Van"]
[Result "1-0"]
[WhiteTitle ""]
[BlackTitle ""]
[WhiteElo "2636"]
[BlackElo "2656"]
[WhiteFideId "911925"]
[BlackFideId "358878"]
[EventDate "29.12.2022"]

1. c4 e6 2. Nf3 d5 3. b3 d4 4. e3 Nc6 5. exd4 Nxd4 6. Nxd4 Qxd4 7. Nc3 Nf6 8.
Qe2 Be7 9. Bb2 O-O 10. O-O-O Qd8 11. d4 b6 12. g4 Bb7 13. Rg1 a5 14. g5 Ne8 15.
h4 Nd6 16. Bh3 a4 17. f4 axb3 18. axb3 b5 19. cxb5 Nf5 20. d5 Qe8 21. dxe6 fxe6
22. Qxe6+ Kh8 23. Rge1 Qh5 24. Bxf5 Bd6 25. Rxd6 cxd6 26. Qd7 Bc8 27. Qe7 Bxf5
28. Nd5 Rg8 29. Nc7 Qxh4 30. Qe3 Qh2 31. Qd2 Qxd2+ 32. Kxd2 Rac8 33. b6 Rb8 34.
Bd4 Rgc8 35. Re7 Rg8 36. b4 Rbe8 1-0

[Event "Mondiale Lampo FIDE 2022"]
[Site "Alma Ata"]
[Date "30.12.2022"]
[Round "20.27"]
[White "Vidit, Santosh Gujrathi"]
[Black "Sanal, Vahap"]
[Result "0-1"]
[WhiteTitle ""]
[BlackTitle ""]
[WhiteElo "2730"]
[BlackElo "2597"]
[WhiteFideId "5029465"]
[BlackFideId "6300545"]
[EventDate "29.12.2022"]

1. d4 d5 2. c4 e6 3. Nc3 Nf6 4. cxd5 exd5 5. Bg5 Bb4 6. e3 h6 7. Bh4 g5 8. Bg3
Ne4 9. Ne2 h5 10. h4 Nxg3 11. Nxg3 Bg4 12. Qa4+ Nc6 13. hxg5 Qxg5 14. Ba6 Bc8
15. O-O-O Rb8 16. Be2 h4 17. Bf3 Bxc3 18. bxc3 Bd7 19. Qa3 Rh6 20. Ne2 Ne7 21.
Nf4 Ra6 22. Qb3 Ba4 0-1

[Event "Mondiale Lampo FIDE 2022"]
[Site "Alma Ata"]
[Date "30.12.2022"]
[Round "20.28"]
[White "Bluebaum, Matthias"]
[Black "Yakubboev, Nodirbek"]
[Result "0-1"]
[WhiteTitle ""]
[BlackTitle ""]
[WhiteElo "2657"]
[BlackElo "2647"]
[WhiteFideId "24651516"]
[BlackFideId "14203987"]
[EventDate "29.12.2022"]

1. d4 Nf6 2. c4 e6 3. Nc3 Bb4 4. e3 O-O 5. Bd2 d5 6. Nf3 b6 7. cxd5 exd5 8. Rc1
a6 9. Bd3 Bd6 10. O-O Re8 11. Ne5 Bxe5 12. dxe5 Rxe5 13. e4 d4 14. Bf4 Re8 15.
Nd5 Nxd5 16. exd5 Qxd5 17. Rxc7 Nc6 18. Qc1 Bd7 19. f3 Rad8 20. Be4 Rxe4 21.
fxe4 Qe6 22. e5 h6 23. Bg3 Be8 24. Qd2 d3 25. Kh1 b5 26. a3 Rd4 27. Rf3 Qd5 28.
Rc8 Qd7 29. Ra8 Kh7 30. h3 Na5 31. Rf1 Nc4 32. Qc3 d2 33. Rd1 Rd3 34. Qb4 Ne3
35. Qf8 Nxd1 36. Rxe8 Rxg3 37. e6 fxe6 38. Qg8+ Kg6 39. Rxe6+ Kf5 40. Re2 Ne3
41. Qf8+ Kg6 42. Kh2 d1=Q 43. Kxg3 Q1d6+ 44. Qf4 Nf5+ 45. Kg4 h5+ 46. Kf3 Nd4+
47. Ke4 Qxf4+ 48. Kxf4 Nxe2+ 0-1

[Event "Mondiale Lampo FIDE 2022"]
[Site "Alma Ata"]
[Date "30.12.2022"]
[Round "20.29"]
[White "Niemann, Hans Moke"]
[Black "Sychev, Klementy"]
[Result "1/2-1/2"]
[WhiteTitle ""]
[BlackTitle ""]
[WhiteElo "2698"]
[BlackElo "2556"]
[WhiteFideId "2093596"]
[BlackFideId "4114060"]
[EventDate "29.12.2022"]

1. e4 e5 2. Nf3 Nc6 3. Bb5 a6 4. Ba4 Nge7 5. O-O Ng6 6. c3 d5 7. exd5 Qxd5 8.
Bb3 Qd3 9. Ng5 Nd8 10. Bc2 Qd6 11. d4 Be7 12. Re1 exd4 13. cxd4 O-O 14. Nc3 Ne6
15. Nf3 Nef4 16. h3 Be6 17. Bxg6 Nxg6 18. d5 Bf5 19. Nd4 Bd7 20. Be3 Rfe8 21.
Qc2 Bf8 22. Rad1 Rad8 23. Nf3 Bc8 24. Bg5 Be7 25. Ne4 Qb6 26. Be3 Qa5 27. Nc3
Bb4 28. Qb3 Bxc3 29. bxc3 Bd7 30. Qxb7 Ba4 31. Rb1 Qxd5 32. Qxc7 Bc6 33. Rb6 Ne5
34. Rxc6 Qxc6 35. Qxc6 Nxc6 36. Rc1 Ne5 37. Nxe5 Rxe5 38. c4 Rc8 39. c5 Rc6 40.
Rb1 h6 41. Rb7 Re4 42. Rb2 a5 43. Kf1 f6 44. Rb5 Ra4 45. Rb2 Kf7 46. Ke2 Ke6 47.
Kf3 Rb4 48. Rd2 a4 49. g4 f5 50. Rd3 fxg4+ 51. hxg4 Rb7 52. Rd4 Ra7 53. Rd8 a3
54. Rb8 Ra4 55. Rb7 Kf6 56. Kg3 Rc4 57. Ra7 Rc3 58. Kf4 g5+ 59. Ke4 Ke6 60. Bd4
Rc4 61. Kd3 Rc1 62. Rh7 Rd1+ 63. Ke4 Rd2 64. Rxh6+ Kd7 65. Rh7+ Kc8 66. Kd5 Rc7
67. Rh8+ Kb7 68. Kc4 Rxa2 69. Rh3 Kc6 70. Rh6+ Kb7 71. Rb6+ Kc8 72. Ra6 Kb7 73.
Rb6+ Kc8 74. c6 Rc2+ 75. Kd5 a2 76. Ra6 Kd8 77. Kd6 Rd2 78. Ra8+ Rc8 79. c7+ Ke8
80. Rxc8+ Kf7 81. Ra8 Rxd4+ 82. Kc5 Rd2 83. Kb6 Rb2+ 84. Kc6 Rc2+ 85. Kd6 Rd2+
86. Ke5 Re2+ 87. Kf5 Rxf2+ 88. Kxg5 Rc2 89. Ra7 Ke8 90. Kh5 Kd7 91. g5 Ke8 92.
c8=Q+ Rxc8 93. Rxa2 Kf8 94. Kh6 Kg8 95. Ra7 Rb8 1/2-1/2

[Event "Mondiale Lampo FIDE 2022"]
[Site "Alma Ata"]
[Date "30.12.2022"]
[Round "20.30"]
[White "Quparadze, Giga"]
[Black "Gareyev, Timur"]
[Result "1-0"]
[WhiteTitle ""]
[BlackTitle ""]
[WhiteElo "2470"]
[BlackElo "2602"]
[WhiteFideId "13602250"]
[BlackFideId "14200937"]
[EventDate "29.12.2022"]

1. e4 c5 2. Nf3 Nc6 3. Bb5 g6 4. c3 a6 5. Bxc6 dxc6 6. d4 Bg4 7. Be3 Nf6 8. Nbd2
cxd4 9. cxd4 Bg7 10. h3 Bxf3 11. Qxf3 O-O 12. O-O a5 13. Rfd1 a4 14. Rac1 Qa5
15. Qe2 Rfd8 16. Nc4 Qb5 17. Qc2 Nd7 18. Na3 Qb4 19. Bd2 Qd6 20. Nc4 Qe6 21. d5
cxd5 22. exd5 Qa6 23. Bb4 Rdc8 24. Qe2 Ne5 25. b3 axb3 26. axb3 Re8 27. Qe4 Nd7
28. Qe1 Bf6 29. Bc3 Qb5 30. Bxf6 Nxf6 31. Qe5 Qxb3 32. d6 Nd7 33. Qd4 e6 34. Rb1
Qc2 35. Rdc1 Qa4 36. Rxb7 Rab8 37. Rc7 Rb4 38. Qc3 Qb5 39. Na3 Qa4 40. Nc2 Rb3
41. Qd4 Qxd4 42. Nxd4 Rd3 43. Nb5 Nf6 44. Re7 Rb8 45. Rc5 Ne4 46. Rcc7 Rxb5 47.
Rxf7 Rb1+ 48. Kh2 Nxd6 49. Rg7+ Kf8 50. Rxh7 Kg8 51. Rcg7+ Kf8 52. Rd7 Kg8 53.
Rhe7 Rb6 54. Rd8+ 1-0

[Event "Mondiale Lampo FIDE 2022"]
[Site "Alma Ata"]
[Date "30.12.2022"]
[Round "20.31"]
[White "Ponkratov, Pavel"]
[Black "Aravindh, Chithambaram VR."]
[Result "0-1"]
[WhiteTitle ""]
[BlackTitle ""]
[WhiteElo "2577"]
[BlackElo "2607"]
[WhiteFideId "4157800"]
[BlackFideId "5072786"]
[EventDate "29.12.2022"]

1. g3 g6 2. Bg2 Bg7 3. e4 c5 4. Ne2 Nc6 5. O-O h5 6. h3 d6 7. d3 Nf6 8. f4 O-O
9. Nd2 Bd7 10. Nf3 b5 11. c3 a5 12. e5 dxe5 13. fxe5 Nd5 14. d4 cxd4 15. cxd4
Bf5 16. Nh4 Be6 17. Bg5 Qd7 18. Kh2 Rac8 19. Rc1 a4 20. Qd2 Nb6 21. Bh6 Nxe5 22.
dxe5 Qxd2 23. Bxd2 Bxa2 24. Nf3 Nc4 25. Bc3 Ne3 26. Rfe1 Nxg2 27. Kxg2 Bd5 28.
Kf2 Rc4 29. Nd2 Rc7 30. Nf4 Bb7 31. Nb1 Rfc8 32. Rcd1 e6 33. Na3 Bc6 34. Bb4 Be8
35. Rd2 Bf8 36. Bd6 Rb7 37. Bxf8 Kxf8 38. Re4 Rc5 39. Nd3 Rd5 40. Ke3 Rbd7 41.
Nb1 Rc7 42. Nb4 Rxd2 43. Nxd2 Rc1 44. h4 Ke7 45. Nd3 Rc2 46. Rd4 f6 47. exf6+
Kxf6 48. Ne4+ Ke7 49. Nc3 a3 50. Rb4 Rxc3 51. bxa3 Rxa3 52. Kd2 Ra4 53. Rb2 Kd6
54. Ke3 Bc6 55. Nf4 Ra3+ 56. Kf2 Rf3+ 57. Ke2 Rxg3 58. Rd2+ Bd5 0-1

[Event "Mondiale Lampo FIDE 2022"]
[Site "Alma Ata"]
[Date "30.12.2022"]
[Round "20.32"]
[White "Murzin, Volodar"]
[Black "Nogerbek, Kazybek"]
[Result "1-0"]
[WhiteTitle ""]
[BlackTitle ""]
[WhiteElo "2561"]
[BlackElo "2468"]
[WhiteFideId "44155573"]
[BlackFideId "13710427"]
[EventDate "29.12.2022"]

1. e4 g6 2. d4 Bg7 3. Nf3 d6 4. Bc4 Nc6 5. c3 Nf6 6. Qe2 Bg4 7. Nbd2 O-O 8. h3
Bxf3 9. Nxf3 e5 10. dxe5 Nxe5 11. Nxe5 dxe5 12. O-O c6 13. Bg5 h6 14. Bh4 Qb6
15. Rad1 Qc7 16. Qf3 Qe7 17. Rd3 Rad8 18. Rfd1 a5 19. Bxf6 Qxf6 20. Rxd8 Rxd8
21. Rxd8+ Qxd8 22. Qxf7+ Kh7 23. Qxb7 Qd1+ 24. Kh2 Qd2 25. Qf7 h5 26. b4 axb4
27. cxb4 Qxb4 28. h4 Qd6 29. g3 Qd4 30. Be6 Qxe4 31. Bd7 c5 32. Be6 Qd4 33. Bd5
e4 34. Kh3 e3 35. fxe3 Qxe3 36. Qe6 Qf2 37. Be4 Qf1+ 38. Kh2 Qf2+ 39. Kh3 Qf1+
40. Bg2 Qb5 41. a4 Qxa4 42. Be4 Qd4 43. Bxg6+ Kh8 44. Qe8+ 1-0

[Event "Mondiale Lampo FIDE 2022"]
[Site "Alma Ata"]
[Date "30.12.2022"]
[Round "20.33"]
[White "Tang, Andrew"]
[Black "Pranav, V"]
[Result "1-0"]
[WhiteTitle ""]
[BlackTitle ""]
[WhiteElo "2540"]
[BlackElo "2545"]
[WhiteFideId "2059630"]
[BlackFideId "25060783"]
[EventDate "29.12.2022"]

1. d4 Nf6 2. c4 e6 3. Nc3 Bb4 4. Qc2 O-O 5. Nf3 d6 6. g3 Nc6 7. Bg2 e5 8. d5 Nd4
9. Nxd4 exd4 10. a3 Ba5 11. b4 Bb6 12. Na4 Re8 13. O-O Bg4 14. Re1 Rc8 15. Bb2
c5 16. dxc6 bxc6 17. Nxb6 Qxb6 18. c5 dxc5 19. bxc5 Qa6 20. f3 Bh5 21. Bxd4 Bg6
22. e4 Nd7 23. Qc3 f6 24. Rad1 Nf8 25. Be3 Bf7 26. Bf1 Qb7 27. Rb1 Qc7 28. Bf4
Qe7 29. Bd6 Qe6 30. Rb7 Kh8 31. Rxa7 Ra8 32. Rb7 Bg8 33. Ra1 Ng6 34. a4 h5 35.
a5 h4 36. a6 hxg3 37. hxg3 Red8 38. Rd1 Ne5 39. Kf2 Nf7 40. Qb4 Ng5 41. Rd2 Bf7
42. a7 Bh5 43. Bg2 Kh7 44. Qb2 Bg6 45. Re2 Rd7 46. e5 Rxa7 47. Rxa7 Rxa7 48. g4
Rf7 49. Kg3 Qc4 50. exf6 gxf6 51. Qd2 Kg7 52. Re1 Ra7 53. Re2 Nf7 54. Be7 f5 55.
g5 f4+ 56. Kh2 Ra8 57. Bf6+ Kh7 58. Re7 Qxc5 59. Qxf4 Kg8 60. Bd4 Qxg5 61. Qxg5
Nxg5 62. Rg7+ Kf8 63. Rxg6 Ra5 64. Rxc6 Kf7 65. Be3 Ne6 66. Kg3 Ra3 67. Bf2 Ng5
68. Rc4 Ke6 69. Rg4 Kf5 70. Rf4+ Ke6 71. Bd4 Rd3 72. Bg7 Rb3 73. Kg4 Nf7 74.
Re4+ Kd6 75. f4 Rb7 76. Rd4+ 1-0

[Event "Mondiale Lampo FIDE 2022"]
[Site "Alma Ata"]
[Date "30.12.2022"]
[Round "20.34"]
[White "Tabatabaei, M. Amin"]
[Black "Mamedyarov, Shakhriyar"]
[Result "0-1"]
[WhiteTitle ""]
[BlackTitle ""]
[WhiteElo "2660"]
[BlackElo "2740"]
[WhiteFideId "12521213"]
[BlackFideId "13401319"]
[EventDate "29.12.2022"]

1. d4 d5 2. Nf3 Nf6 3. c3 Bf5 4. Qb3 Qc8 5. c4 e6 6. cxd5 exd5 7. Nc3 c6 8. Bf4
Be7 9. Rc1 O-O 10. h3 Nbd7 11. e3 Nb6 12. a4 Be6 13. Ng5 Bf5 14. a5 Nc4 15. Bxc4
dxc4 16. Qxc4 Nh5 17. O-O Nxf4 18. exf4 Bd6 19. d5 cxd5 20. Qxc8 Raxc8 21. Nxd5
h6 22. Nf3 Be4 23. Rxc8 Rxc8 24. Rd1 Bxf3 25. gxf3 Kf8 26. Kg2 Ke8 27. f5 Kd7
28. Rd4 Rc5 29. Ne3 Kc6 30. b4 Rb5 31. Nc2 Rxf5 32. Rg4 Rg5 33. Nd4+ Kd5 34. Nb5
Bxb4 35. Nxa7 Bxa5 36. Kf1 Rxg4 37. hxg4 Kc5 38. Ke2 b5 39. Kd3 b4 40. Nc8 Bd8
41. f4 b3 42. Kc3 Kd5 43. f3 f6 44. Na7 Bc7 45. f5 Ke5 46. Nc6+ Kf4 47. Kxb3
Kxf3 48. Nd4+ Kxg4 49. Ne6 h5 50. Nxc7 h4 51. Nd5 Kf3 0-1

[Event "Mondiale Lampo FIDE 2022"]
[Site "Alma Ata"]
[Date "30.12.2022"]
[Round "20.35"]
[White "Vallejo Pons, Francisco"]
[Black "Adly, Ahmed"]
[Result "1-0"]
[WhiteTitle ""]
[BlackTitle ""]
[WhiteElo "2716"]
[BlackElo "2596"]
[WhiteFideId "2205530"]
[BlackFideId "10601619"]
[EventDate "29.12.2022"]

1. e4 c5 2. Ne2 Nf6 3. Nbc3 Nc6 4. d4 cxd4 5. Nxd4 d6 6. Bg5 Bd7 7. f3 Rc8 8. h4
Nxd4 9. Qxd4 Qa5 10. Bd2 e6 11. O-O-O a6 12. Kb1 Qc5 13. Qd3 b5 14. a3 Rb8 15.
Na2 Qc7 16. g4 h6 17. Be2 Bc6 18. Bf4 Rd8 19. Qc3 Qb7 20. Nb4 Rc8 21. Qd2 d5 22.
g5 Nh5 23. exd5 Bxd5 24. Nxd5 Qxd5 25. Qxd5 exd5 26. Be5 Rd8 27. Rhe1 Be7 28. f4
Ng3 29. Bxg7 Rh7 30. gxh6 Nxe2 31. Rxe2 Rd7 32. Rde1 Kd8 33. Rxe7 Rxe7 34. Bf6 1-0

[Event "Mondiale Lampo FIDE 2022"]
[Site "Alma Ata"]
[Date "30.12.2022"]
[Round "20.36"]
[White "Predke, Alexandr"]
[Black "Ghaem Maghami, Ehsan"]
[Result "0-1"]
[WhiteTitle ""]
[BlackTitle ""]
[WhiteElo "2684"]
[BlackElo "2490"]
[WhiteFideId "24107581"]
[BlackFideId "12500739"]
[EventDate "29.12.2022"]

1. Nf3 c5 2. c4 Nc6 3. d4 cxd4 4. Nxd4 Nf6 5. Nc3 e6 6. e4 Bb4 7. Nxc6 dxc6 8.
Qxd8+ Kxd8 9. e5 Nd7 10. Bf4 f6 11. exf6 gxf6 12. O-O-O Bxc3 13. bxc3 e5 14. Be3
Kc7 15. Be2 Nb6 16. Bc5 Be6 17. Bd6+ Kc8 18. Be7 Re8 19. Bxf6 Bxc4 20. Bh5 Rg8
21. Rhe1 Nd7 22. Bxe5 Nxe5 23. Rxe5 Kc7 24. Re7+ Kb6 25. Bf3 h6 26. Rd4 Ba6 27.
Rb4+ Kc5 28. Re6 Rad8 29. Rxh6 Rd3 30. Rh5+ Kd6 31. Rd4+ Rxd4 32. cxd4 Bf1 33.
Rh6+ Kc7 34. g4 Rf8 35. Bd1 Rxf2 36. h4 Rxa2 37. g5 Rg2 38. g6 a5 39. h5 b5 40.
Rh7+ Kb6 41. Rf7 Bc4 42. Rf4 a4 43. Rg4 Rf2 44. g7 Bg8 45. h6 a3 46. Rg3 b4 47.
Bb3 Bxb3 48. Rxb3 a2 49. Rxb4+ Ka5 50. Rb1 Rf1+ 51. Kd2 axb1=Q 52. g8=Q Rf2+ 53.
Kc3 Qc2# 0-1

[Event "Mondiale Lampo FIDE 2022"]
[Site "Alma Ata"]
[Date "30.12.2022"]
[Round "20.37"]
[White "Chigaev, Maksim"]
[Black "Sjugirov, Sanan"]
[Result "1-0"]
[WhiteTitle ""]
[BlackTitle ""]
[WhiteElo "2632"]
[BlackElo "2712"]
[WhiteFideId "4108116"]
[BlackFideId "4189302"]
[EventDate "29.12.2022"]

1. e4 c6 2. d4 d5 3. e5 Bf5 4. h4 h5 5. Bg5 Qb6 6. Bd3 Bxd3 7. Qxd3 e6 8. Nd2
Ne7 9. Ngf3 Nf5 10. O-O Qa6 11. c4 dxc4 12. Nxc4 Nd7 13. Qc2 Nb6 14. Ne3 Ne7 15.
a4 Nbd5 16. Nc4 Nf5 17. b3 Bb4 18. Bd2 O-O-O 19. Bxb4 Nxb4 20. Qe4 Rd7 21. Rfd1
Rhd8 22. Rac1 Kb8 23. g3 c5 24. Nd6 Nxd6 25. exd6 Rxd6 26. Rxc5 f6 27. Rxh5 e5
28. Rc1 exd4 29. Nxd4 Qd3 30. Qe7 a6 31. Ne6 Nc6 32. Qc7+ Ka8 33. Nxd8 Nxd8 34.
Qc8+ Ka7 35. Qc5+ Kb8 36. Qc3 Qe2 37. Rh8 Rd7 38. Qc8+ 1-0

[Event "Mondiale Lampo FIDE 2022"]
[Site "Alma Ata"]
[Date "30.12.2022"]
[Round "20.39"]
[White "Idani, Pouya"]
[Black "Alonso Rosell, Alvar"]
[Result "0-1"]
[WhiteTitle ""]
[BlackTitle ""]
[WhiteElo "2637"]
[BlackElo "2561"]
[WhiteFideId "12510130"]
[BlackFideId "2270544"]
[EventDate "29.12.2022"]

1. e4 e5 2. Nf3 Nc6 3. Bb5 a6 4. Ba4 d6 5. O-O Bd7 6. c4 Nf6 7. Nc3 Bg4 8. h3
Bxf3 9. Qxf3 Nd7 10. Qd1 Nd4 11. Bxd7+ Qxd7 12. d3 f5 13. exf5 Nxf5 14. f4 O-O-O
15. b4 exf4 16. Bxf4 g5 17. Bxg5 Bg7 18. Ne2 Rde8 19. Rb1 Rhg8 20. Bf4 Ne3 21.
Bxe3 Rxe3 22. Nf4 Be5 23. d4 Bxf4 24. Rxf4 Rxg2+ 25. Kf1 Qxh3 0-1

[Event "Mondiale Lampo FIDE 2022"]
[Site "Alma Ata"]
[Date "30.12.2022"]
[Round "20.40"]
[White "Van Foreest, Jorden"]
[Black "Tin, Jingyao"]
[Result "0-1"]
[WhiteTitle ""]
[BlackTitle ""]
[WhiteElo "2690"]
[BlackElo "2562"]
[WhiteFideId "1039784"]
[BlackFideId "5804418"]
[EventDate "29.12.2022"]

1. e4 c6 2. d4 d5 3. f3 Qb6 4. Nc3 dxe4 5. Bc4 e3 6. Nge2 Nf6 7. Bxe3 Bf5 8. g4
Bg6 9. h4 h6 10. Bb3 e6 11. Qd2 Nd5 12. Nf4 Nxf4 13. Bxf4 Nd7 14. O-O-O Nf6 15.
d5 O-O-O 16. d6 Nd5 17. h5 Bh7 18. Bxd5 cxd5 19. Nxd5 exd5 20. Qxd5 Qc6 21. Qd2
Bxd6 22. Bxd6 Rxd6 23. Qf2 Rhd8 24. Rxd6 Qxd6 25. a3 b6 26. Qe3 Qc5 27. Qe2 Kb7
28. Re1 Rc8 29. c3 Qg5+ 30. Qe3 Re8 0-1